Strategic management

Bibliographic Details
Main Author: Sharplin, Arthur
Format: Book
Published: New York : McGraw-Hill Book Co. , 1976
Subjects:

MARC

LEADER 00000cam a2200000 7i4500
001 0000008754
002 000009546
005 20000330.0
020 |a 0070565139 
090 0 0 |a 658.4012   |b SHA 
100 1 |a Sharplin, Arthur 
245 1 0 |a Strategic management   |c Arthur Sharplin 
260 |a New York :   |b McGraw-Hill Book Co. ,   |c 1976 
300 |a 587p. ;   |c 23cm. 
650 0 0 |a Corporate planning 
650 0 0 |a Industrial management 
999 |a 020706   |b BUKU   |c PINJAMAN   |e PERPUSTAKAAN KOMUNITI PETALING JAYA